Statistics for Countries that Have Controlled the American Pacific

Click here to take the quiz!

General Stats

  • This quiz has been taken 54 times
  • The average score is 5 of 6

Answer Stats

HintAnswer% Correct
1898-United States
100%
1521-1898Spain
92%
1843-1843United Kingdom
92%
1919-1944Japan
78%
1899-1919Germany
69%
1795-1898Kingdom of Hawaii
56%

Score Distribution

Percentile by Number Answered

Percent of People with Each Score

Your Score History

You have not taken this quiz